000 004010000a22001690004500
003 LK-CoMWRAF
008 230817t ||||| |||| 00| 0 eng d
040 _aLK-CoMWRAF
_dLK-CoMWRAF
_eLK-CoMWRAF
041 _aeng
082 _a010
_bPAN
245 _aPanmuka ayvil Kailasapathi
_b
260 _aMadras
_bSAB
_c1992
300 _ap.244
650 _aautobiography
650 _aSri lanka
942 _cBK
999 _c2817
_d2817